[Event "GER-ch U18 sf Berlin Online"]
[Site "Playchess.com INT"]
[Date "2020.05.01"]
[Round "4"]
[White "Parmakerli, Eren"]
[Black "Seelinger, Elina"]
[Result "0-1"]
[WhiteElo "1620"]
[BlackElo "1620"]
[PlyCount "106"]
[EventDate "2020.05.01"]
[EventType "swiss (blitz)"]
[EventRounds "13"]
[EventCountry "GER"]
[SourceTitle "CBM 195 Extra"]
[Source "ChessBase"]
[SourceDate "2020.05.31"]
[SourceVersion "1"]
[SourceVersionDate "2020.05.31"]
[SourceQuality "1"]

1. e4 e5 2. Nf3 Nc6 3. Nc3 Nf6 4. Bb5 Bc5 5. 0-0 0-0 6. Bxc6 bxc6 7. Nxe5 Ba6 8. d3 Bd6 9. Ng4 Nxg4 10. Qxg4 c5 11. Bh6 g6 12. Bxf8 Kxf8 13. Qe2 Qh4 14. h3 Qf4 15. g3 Qe5 16. f4 Qd4+ 17. Qf2 Qxf2+ 18. Rxf2 c4 19. e5 Bc5 20. Kg2 Bxf2 21. Kxf2 cxd3 22. cxd3 Bxd3 23. Rd1 Bc2 24. Rxd7 c5 25. Nb5 a6 26. Nc7 Ra7 27. Rd8+ Ke7 28. Rc8 Bf5 29. Rh8 Rxc7 30. Rxh7 g5 31. fxg5 Bxh7 32. h4 Rb7 33. b3 c4 34. bxc4 Rb2+ 35. Ke3 Rxa2 36. Kd4 Rb2 37. c5 a5 38. Kd5 a4 39. c6 Rd2+ 40. Kc5 Rc2+ 41. Kb5 a3 42. Kb4 a2 43. Kb3 Rg2 44. c7 a1Q 45. c8Q Qa2+ 46. Kb4 Qb2+ 47. Kc5 Rc2+ 48. Kd5 Rxc8 49. e6 Qb5+ 50. Kd4 Rc4+ 51. Ke3 Qb3+ 52. Ke2 Rc2+ 53. Kf1 Qb1# 0-1

[Event "GER-ch U18 sf Berlin Online"]
[Site "Playchess.com INT"]
[Date "2020.05.01"]
[Round "10"]
[White "Seelinger, Elina"]
[Black "Kullmann, Max"]
[Result "1/2-1/2"]
[WhiteElo "1620"]
[BlackElo "1469"]
[PlyCount "152"]
[EventDate "2020.05.01"]
[EventType "swiss (blitz)"]
[EventRounds "13"]
[EventCountry "GER"]
[SourceTitle "CBM 195 Extra"]
[Source "ChessBase"]
[SourceDate "2020.05.31"]
[SourceVersion "1"]
[SourceVersionDate "2020.05.31"]
[SourceQuality "1"]

1. e4 d5 2. exd5 Qxd5 3. Nc3 Qa5 4. Nf3 Nf6 5. d4 c6 6. Be2 Bf5 7. Bd2 Qc7 8. 0-0 e6 9. Be3 Bd6 10. Qd2 0-0 11. Bd3 Bxd3 12. Qxd3 Nbd7 13. Qd2 Ng4 14. h3 Nxe3 15. Qxe3 Nf6 16. Ne4 Nxe4 17. Qxe4 h6 18. Ne5 Bxe5 19. Qxe5 Qxe5 20. dxe5 Rfd8 21. Rad1 Kf8 22. f4 Ke7 23. Kf2 Rd7 24. Ke2 Rad8 25. Rxd7+ Rxd7 26. Rd1 Rxd1 27. Kxd1 Kd7 28. Ke2 Kc7 29. Kd3 Kb6 30. c4 c5 31. b3 Ka5 32. a3 a6 33. Ke4 Kb6 34. f5 Kc6 35. f6 g6 36. g4 b5 37. cxb5+ axb5 38. h4 Kd7 39. g5 h5 40. Kd3 Kc6 41. Kc3 Kd5 42. a4 b4+ 43. Kd3 Kxe5 44. a5 Kd5 45. a6 Kc6 46. Kc4 Kb6 47. a7 Kxa7 48. Kxc5 Kb7 49. Kxb4 Kb6 50. Kc4 Kc7 51. Kc5 Kb7 52. b4 Kb8 53. b5 Kc7 54. b6+ Kb7 55. Kb5 Kb8 56. Kc6 Kc8 57. Kd6 Kb7 58. Kc5 e5 59. Kd5 Kxb6 60. Kxe5 Kc6 61. Ke4 Kd6 62. Kd4 Ke6 63. Ke4 Kd6 64. Kf4 Kd5 65. Kf3 Kd4 66. Kf4 Kd5 67. Kf3 Ke5 68. Ke3 Kf5 69. Kf3 Ke5 70. Ke3 Kd5 71. Kf4 Kd4 72. Kf3 Kd5 73. Kf4 Kd6 74. Ke4 Kc5 75. Ke5 Kc6 76. Ke4 Kd6 1/2-1/2

[Event "GER-ch U18 sf Berlin Online"]
[Site "Playchess.com INT"]
[Date "2020.05.01"]
[Round "13"]
[White "Seelinger, Elina"]
[Black "Mueller, Anker"]
[Result "1-0"]
[WhiteElo "1620"]
[BlackElo "1364"]
[PlyCount "139"]
[EventDate "2020.05.01"]
[EventType "swiss (blitz)"]
[EventRounds "13"]
[EventCountry "GER"]
[SourceTitle "CBM 195 Extra"]
[Source "ChessBase"]
[SourceDate "2020.05.31"]
[SourceVersion "1"]
[SourceVersionDate "2020.05.31"]
[SourceQuality "1"]

1. e4 e5 2. Nf3 Nf6 3. Nxe5 Nxe4 4. Qe2 Qe7 5. d4 Nf6 6. Nf3 Qxe2+ 7. Bxe2 Be7 8. 0-0 0-0 9. Nc3 d5 10. Bg5 Nc6 11. Rfe1 Bg4 12. Bxf6 Bxf6 13. Nxd5 Bxf3 14. Bxf3 Bxd4 15. c3 Be5 16. Rad1 Rac8 17. Ne3 Rfd8 18. Rxd8+ Rxd8 19. Rd1 Rxd1+ 20. Bxd1 Bf4 21. Bf3 Bxe3 22. fxe3 f5 23. Bxc6 bxc6 24. Kf2 Kf7 25. Kf3 Ke6 26. e4 Ke5 27. exf5 Kxf5 28. Ke3 g6 29. Kd4 Ke6 30. Kc5 Kd7 31. c4 a5 32. h4 h6 33. a3 g5 34. hxg5 hxg5 35. b4 a4 36. b5 cxb5 37. Kxb5 Kd6 38. c5+ Kd5 39. Kxa4 Kxc5 40. Kb3 Kb5 41. Kc3 Kc5 42. g4 Kb5 43. Kd4 c5+ 44. Kc3 c4 45. Kc2 Ka4 46. Kc3 Kb5 47. Kd4 c3 48. Kxc3 Ka4 49. Kd4 Kb5 50. Ke5 Kc6 51. Kf5 Kd7 52. Kxg5 Ke7 53. Kg6 Kf8 54. a4 Ke8 55. a5 Kd7 56. Kf7 Kc7 57. g5 Kd6 58. g6 Kc6 59. g7 Kb5 60. g8Q Kxa5 61. Qg6 Ka4 62. Qg5 Ka3 63. Qg4 Ka2 64. Qg3 Ka1 65. Qg2 Kb1 66. Ke6 Kc1 67. Kd5 Kd1 68. Kd4 Kc1 69. Kc3 Kd1 70. Qd2# 1-0